00475nam a22001577a 450000500170000001000150001702000260003203500140005803700130007208200100008510000280009524500810012326000410020427000500024530000220029520170517121152.0 aENG-118200 a9789384275280c995.00 aEN-101732 bDBAD/PUB a321.3 aSaharan, Mahender Singh aFeudalism : europe, india and north east india/cby Mahender Singh Saharan aIndiabNE BOOKS AND PUBLISHERSc2017 aNational Highway Silchar- 788005 Assam, India a202p.c23cm. (Hb)